<?xml version="1.0" encoding="UTF-8"?>
<record
    xmlns:xsi="http://www.w3.org/2001/XMLSchema-instance"
    xsi:schemaLocation="http://www.loc.gov/MARC21/slim http://www.loc.gov/standards/marcxml/schema/MARC21slim.xsd"
    xmlns="http://www.loc.gov/MARC21/slim">

  <leader>01088cam a2200241 a 4500</leader>
  <controlfield tag="001">2123273</controlfield>
  <controlfield tag="003">NUST</controlfield>
  <controlfield tag="005">20221230144406.0</controlfield>
  <controlfield tag="008">970109s1997    maua     b    001 0 eng  </controlfield>
  <datafield tag="010" ind1=" " ind2=" ">
    <subfield code="a">   97004029 </subfield>
  </datafield>
  <datafield tag="020" ind1=" " ind2=" ">
    <subfield code="a">0890068607</subfield>
  </datafield>
  <datafield tag="040" ind1=" " ind2=" ">
    <subfield code="a">DLC</subfield>
    <subfield code="c">DLC</subfield>
    <subfield code="d">DLC</subfield>
  </datafield>
  <datafield tag="050" ind1="0" ind2="0">
    <subfield code="a">TK5103.483</subfield>
    <subfield code="b">.M45 1997</subfield>
  </datafield>
  <datafield tag="082" ind1="0" ind2="0">
    <subfield code="a">621.38456,MEH</subfield>
    <subfield code="2">21</subfield>
  </datafield>
  <datafield tag="100" ind1="1" ind2=" ">
    <subfield code="a">Mehrotra, Asha.</subfield>
  </datafield>
  <datafield tag="245" ind1="1" ind2="0">
    <subfield code="a">GSM system engineering /</subfield>
    <subfield code="c">Asha Mehrotra.</subfield>
  </datafield>
  <datafield tag="260" ind1=" " ind2=" ">
    <subfield code="a">Boston :</subfield>
    <subfield code="b">Artech House,</subfield>
    <subfield code="c">c1997.</subfield>
  </datafield>
  <datafield tag="300" ind1=" " ind2=" ">
    <subfield code="a">xvii, 450 p. :</subfield>
    <subfield code="b">ill ;</subfield>
    <subfield code="c">24 cm.</subfield>
  </datafield>
  <datafield tag="440" ind1=" " ind2="4">
    <subfield code="a">The Artech House mobile communications series</subfield>
    <subfield code="9">106494</subfield>
  </datafield>
  <datafield tag="505" ind1=" " ind2=" ">
    <subfield code="a">Introduction to GSM System (page-1), GSM Architecture (Page-25), Time and Frequency Axis Representation (Page-67), Mobility Management (Page-107), Security Management (Page-151), Technical Details (Page-169), sub Scribe management AND net Works maintenance (Page-247), Detail of MS, BSS, MSC, and NMC (Page-3070, Micro cellular Systems (Page-343), Future of PCS Systems (Page-373).</subfield>
  </datafield>
  <datafield tag="650" ind1=" " ind2="0">
    <subfield code="a">Global system for mobile communications.</subfield>
    <subfield code="9">55579</subfield>
  </datafield>
  <datafield tag="942" ind1=" " ind2=" ">
    <subfield code="2">ddc</subfield>
    <subfield code="c">BK</subfield>
    <subfield code="k">621.38456,MEH</subfield>
  </datafield>
  <datafield tag="999" ind1=" " ind2=" ">
    <subfield code="c">592859</subfield>
    <subfield code="d">592859</subfield>
  </datafield>
  <datafield tag="952" ind1=" " ind2=" ">
    <subfield code="0">0</subfield>
    <subfield code="1">0</subfield>
    <subfield code="2">ddc</subfield>
    <subfield code="4">0</subfield>
    <subfield code="7">0</subfield>
    <subfield code="a">MCS</subfield>
    <subfield code="b">MCS</subfield>
    <subfield code="c">GEN</subfield>
    <subfield code="d">2022-12-30</subfield>
    <subfield code="l">0</subfield>
    <subfield code="o">621.38456,MEH</subfield>
    <subfield code="p">MCS26798</subfield>
    <subfield code="r">2022-12-30</subfield>
    <subfield code="w">2022-12-30</subfield>
    <subfield code="y">BK</subfield>
    <subfield code="z">Almirah No.39, Shelf No.2</subfield>
  </datafield>
</record>
